[Event "Rychnov Seniors op"]
[Site "Rychnov nad Kneznou"]
[Date "2012.08.20"]
[Round "1"]
[White "Sejkora, Vlastimil"]
[Black "Silar, Ladislav"]
[Result "1-0"]
[WhiteElo "2207"]
[BlackElo "1849"]
[PlyCount "69"]
[EventDate "2012.08.20"]
[EventType "swiss"]
[EventRounds "9"]
[EventCountry "CZE"]
[SourceTitle "CBM 150 Extra"]
[Source "ChessBase"]
[SourceDate "2012.10.19"]
[SourceVersion "1"]
[SourceVersionDate "2012.10.19"]
[SourceQuality "1"]

1. e4 e6 2. d4 d5 3. e5 c5 4. Qg4 Nc6 5. Nf3 cxd4 6. Bd3 g6 7. 0-0 h5 8. Qg3 Nge7 9. Re1 Qc7 10. c3 Nf5 11. Bxf5 exf5 12. cxd4 Be6 13. Nc3 a6 14. Bg5 Be7 15. Rac1 Bxg5 16. Qxg5 Qe7 17. Qd2 Rd8 18. h4 Kf8 19. Na4 Kg7 20. Nc5 Ra8 21. b4 Rhc8 22. a3 Nd8 23. Qd3 Rc7 24. Rc3 Rac8 25. Rec1 Rc6 26. Ng5 R8c7 27. a4 Rc8 28. Kh2 R6c7 29. g3 Rc6 30. a5 R6c7 31. Nh3 Rc6 32. Nf4 R6c7 33. Qf3 Nc6 34. Qd1 Nxb4 35. Ncxe6+ 1-0

[Event "Rychnov op"]
[Site "Rychnov nad Kneznou"]
[Date "2010.08.26"]
[Round "4"]
[White "Silar, Ladislav"]
[Black "Trojan, Lubos"]
[Result "0-1"]
[WhiteElo "1907"]
[BlackElo "2050"]
[PlyCount "120"]
[EventDate "2010.08.23"]
[EventType "swiss"]
[EventRounds "7"]
[EventCountry "CZE"]
[SourceTitle "CBM 138 Extra"]
[Source "ChessBase"]
[SourceDate "2010.10.29"]
[SourceVersion "1"]
[SourceVersionDate "2010.10.29"]
[SourceQuality "1"]

1. d4 Nf6 2. Nf3 e6 3. Bg5 Be7 4. e3 b6 5. Nbd2 Bb7 6. Bd3 d5 7. c3 Nbd7 8. 0-0 0-0 9. Qc2 c5 10. Bxf6 Nxf6 11. Ne5 c4 12. Be2 Nd7 13. f4 Nxe5 14. fxe5 Bg5 15. Rf3 f5 16. exf6 Rxf6 17. Raf1 Qe7 18. Rh3 Rh6 19. Rff3 e5 20. Nf1 e4 21. Rxh6 Bxh6 22. Rg3 Rf8 23. Qd1 Qf6 24. Qe1 Bg5 25. Rh3 Bc8 26. g4 g6 27. Bd1 h5 28. Rg3 Bh4 29. gxh5 Bxg3 30. Nxg3 gxh5 31. Nxh5 Qg5+ 32. Qg3 Qxg3+ 33. hxg3 Be6 34. Nf4 Bf7 35. g4 Kh7 36. Kg2 Kh6 37. Kg3 Rh8 38. Be2 Kg5 39. Nh3+ Kg6 40. Bf1 b5 41. a3 a5 42. Bg2 b4 43. axb4 axb4 44. Kf4 bxc3 45. bxc3 Re8 46. Nf2 Rb8 47. Nh3 Rb3 48. Ke5 Rxc3 49. Nf4+ Kg5 50. Nxd5 Bxd5 51. Kxd5 Rxe3 52. Kxc4 Kf4 53. Kd5 Re1 54. Bxe4 Rxe4 55. g5 Re8 56. g6 Kf5 57. g7 Kf6 58. Kd6 Kxg7 59. Kd7 Kf7 60. d5 Ra8 0-1